000 00559nam a2200181Ia 4500
008 090630s9999 xx 000 0 und d
082 _b9818
100 _aहसमनीस द. का.
245 _aझंझावात.
_cहसमनीस द. का.
260 _bश्रीविशाखा.
_c1982
300 _a229
600 _aहसमनीस द. का.
630 _aझंझावात.
655 _aकादंबरी.
700 _aहसमनीस द. का.
730 _aझंझावात.
942 _cBOOK
999 _c261674
_d261674